000 01801cam a2200265 4500
001 ABS66693
008 030530n2003 000 0 eng u
035 _a(Sirsi) u122473
100 _aBrewer, G.
245 _aEnforcement in part
260 _c2003
490 _aContract Journal
_v418(6422)16 April 2003, 59(1)
490 _aCivil Engineering Surveyor
_v May 2003, 34(1)
520 _aLooks at the recent case "R Durtnell and Sons Ltd v Kaduma Ltd" ([2003] EWHC 517 (TCC); [2003] TCLR 7), which raised the issue of whether an adjudicator's decision can be enforced in part with the remaining parts set aside. Kaduna (K) had engaged Durtnell (D) to undertake property works where the contract sum had risen by almost 100% and been delayed by six months. D sought declarations with regards extensions of time and practical completion. D also made claims for additional money in respect of the valuation of the works, loss and expense and the replacement of liquidated and ascertained damages. Concludes that where matters referred to adjudication comprise a number of distinct disputes, the court may order enforcement of parts of the decision. View judgment at www.bailii.org.
590 _aABS
650 _aMANAGEMENT-DISPUTE AVOIDANCE, MANAGEMENT AND RESOLUTION-DISPUTE MANAGEMENT AND RESOLUTION-ALTERNATIVE DISPUTE RESOLUTION-ADJUDICATION
650 _aR DURTNELL AND SONS LTD V KADUNA LTD
650 _aLIQUIDATED DAMAGES
650 _aASCERTAINED DAMAGES
650 _aPRACTICAL COMPLETION
650 _aEXTENSIONS OF TIME
690 _aMANGEMENT-DISPUTE AVOIDANCE, MANAGEMENT AND RESOLUTION-DISPUTE MANAGEMENT AND RESOLUTION
856 _uhttps://www.bailii.org/cgi-bin/markup.cgi?doc=/ew/cases/EWHC/TCC/2003/517.html
_zView judgment on the BAILII website...
942 _n0
999 _c72797
_d72797